Droit international et souverainete en U.R.S.S. : L'evolution de l'ideologie juridique sovietique depuis la Revolution d'octobre.

Bibliographic Details
Main Author: Calvez, Jean-Yves, 1927-2010
Format: Book
Language:French
Published: Paris : A. Colin, 1953.
Series:Cahiers de la Fondation nationale des sciences politiques, 48
Subjects:

MARC

Tag First Indicator Second Indicator Subfields
LEADER 00000cam a2200000 4500
001 in00000053915
005 20231205150358.8
008 800502s1953 fr b 000 0 fre d
035 |a (OCoLC)06276268 
035 |9 AAG4154AM 
040 |a TXA  |c TXA  |d UtOrBLW 
049 |a TXAM  |c [302984] 
090 |a KZ4200  |b .C35 1953 
092 |a 341  |b C167d 
100 1 |a Calvez, Jean-Yves,  |d 1927-2010. 
245 1 0 |a Droit international et souverainete en U.R.S.S. :  |b L'evolution de l'ideologie juridique sovietique depuis la Revolution d'octobre. 
264 1 |a Paris :  |b A. Colin,  |c 1953. 
300 |a 299 pages ;  |c 24 cm. 
336 |a text  |b txt  |2 rdacontent 
337 |a unmediated  |b n  |2 rdamedia 
338 |a volume  |b nc  |2 rdacarrier 
490 0 |a Cahiers de la Fondation nationale des sciences politiques, 48 
504 |a Bibliography: pages [281]-296. 
650 0 |a International law  |x History  |z Soviet Union. 
650 0 |a Sovereignty. 
999 |a MARS 
999 f f |s 0dd35ed2-fc0c-37f9-bf49-38cbadfbb3db  |i 88460f67-e318-3859-96eb-0549360857ca  |t 0 
952 f f |p ric  |a Texas A&M University  |b Rellis Campus  |c Joint Library Facility  |d Remote Storage  |t 0  |e KZ4200 .C35 1953  |h Library of Congress classification  |i unmediated -- volume  |m A14800780754 
998 f f |a KZ4200 .C35 1953  |t 0  |l Remote Storage